[Event "Lippe Cup 06th"]
[Site "Lieme"]
[Date "2009.10.17"]
[Round "2"]
[White "Kirchner, Martin"]
[Black "Wienkemeier, Markus"]
[Result "1-0"]
[WhiteElo "1332"]
[BlackElo "776"]
[PlyCount "55"]
[EventDate "2009.10.16"]
[EventType "swiss"]
[EventRounds "5"]
[EventCountry "GER"]
[SourceTitle "EXT 2013"]
[Source "ChessBase"]
[SourceDate "2012.11.22"]
[SourceVersion "1"]
[SourceVersionDate "2012.11.22"]
[SourceQuality "1"]

1. e4 e5 2. Nf3 Nc6 3. d4 exd4 4. Nxd4 Nxd4 5. Qxd4 Nf6 6. Bc4 b6 7. Nc3 Bc5 8. Qd3 0-0 9. f3 Bb4 10. Be3 Re8 11. 0-0-0 Bb7 12. h4 c6 13. Bg5 h6 14. Bf4 Bxc3 15. Qxc3 d5 16. exd5 cxd5 17. Bb5 Re2 18. Bxe2 Nh5 19. Qe5 Nf6 20. g4 Nd7 21. Qf5 Nf6 22. g5 Nh5 23. gxh6 gxh6 24. Qxh5 Qf6 25. Bxh6 d4 26. Rhg1+ Kh7 27. Bf4+ Qh6 28. Qxh6# 1-0

[Event "Lippe Cup 06th"]
[Site "Lieme"]
[Date "2009.10.17"]
[Round "3"]
[White "Wienkemeier, Markus"]
[Black "Jost, Jan Timo"]
[Result "0-1"]
[WhiteElo "776"]
[BlackElo "1146"]
[PlyCount "144"]
[EventDate "2009.10.16"]
[EventType "swiss"]
[EventRounds "5"]
[EventCountry "GER"]
[SourceTitle "EXT 2012"]
[Source "ChessBase"]
[SourceDate "2011.11.24"]
[SourceVersion "1"]
[SourceVersionDate "2011.11.24"]
[SourceQuality "1"]

1. e4 c6 2. Nc3 d5 3. exd5 cxd5 4. Bb5+ Bd7 5. Bd3 Nf6 6. b3 Nc6 7. Bb2 e6 8. Nf3 Be7 9. Nb5 a6 10. Nc3 0-0 11. 0-0 Qc7 12. Ne2 e5 13. Ng3 e4 14. Re1 exd3 15. cxd3 Rae8 16. Be5 Nxe5 17. Nxe5 Bd6 18. Rc1 Qd8 19. Nxd7 Qxd7 20. Rxe8 Rxe8 21. h3 Bxg3 22. fxg3 Qd6 23. g4 b5 24. g5 Nd7 25. Qf3 f6 26. Qh5 g6 27. Qh6 fxg5 28. Qxg5 Qe5 29. Qh4 Qf5 30. Rf1 Qe6 31. Qf2 Rf8 32. Qg3 Rxf1+ 33. Kxf1 Qf5+ 34. Ke1 Qe5+ 35. Qxe5 Nxe5 36. d4 Nc6 37. Ke2 Kf7 38. Ke3 Ke6 39. a4 bxa4 40. bxa4 Kf5 41. d3 Kg5 42. Ke2 Kh4 43. Kf2 Nb4 44. Kf3 Nxd3 45. Ke3 Nb4 46. Kf4 g5+ 47. Kf3 Nc2 48. Kf2 Nxd4 49. Ke3 Nf5+ 50. Kf3 d4 51. Ke4 Ne3 52. Kxd4 Nxg2 53. Kc5 Kxh3 54. Kb6 Kg3 55. Kxa6 h5 56. Kb7 h4 57. a5 h3 58. a6 h2 59. a7 h1Q 60. a8Q Ne3+ 61. Kb8 Qxa8+ 62. Kxa8 Kf4 63. Kb7 g4 64. Kc6 g3 65. Kd6 g2 66. Ke6 g1Q 67. Kd6 Qg5 68. Ke6 Qe5+ 69. Kd7 Qf6 70. Kc7 Nd5+ 71. Kd7 Ke5 72. Ke8 Qe7# 0-1